Normal view
MARC view
- Supervisor: Dr. Salman Abdul Ghafoor
Entry Personal Name
001 - CONTROL NUMBER
- control field: 96748
003 - CONTROL NUMBER IDENTIFIER
- control field: NUST
005 - DATE AND TIME OF LATEST TRANSACTION
- control field: 20220810155650.0
008 - FIXED-LENGTH DATA ELEMENTS
- fixed length control field: 220810|| aca||aabn | a|a d
040 ## - CATALOGING SOURCE
- Original cataloging agency: NUST
- Transcribing agency: NUST
100 ## - HEADING--PERSONAL NAME
- Personal name: Supervisor: Dr. Salman Abdul Ghafoor
670 ## - SOURCE DATA FOUND
- Source citation: Work cat.: (NUST): Afraz, Sher 96747, Electroabsorption Modulator Based Relay For Transmission Of DPSK Modulated Signals Over Free Space Optical Link
